| 000 | 00807cam a2200229K 4500 | ||
|---|---|---|---|
| 001 | 6198862 | ||
| 003 | BD-DhUL | ||
| 005 | 20161229091051.0 | ||
| 008 | 070525s1888 enkaf 000 0 eng d | ||
| 035 | _a(OCoLC)ocn136954885 | ||
| 035 | _a(NNC)6198862 | ||
| 035 | _a(OCoLC)136954885 | ||
| 040 |
_aZCU _cZCU _dBD-DhUL |
||
| 082 |
_a792.09 _bDOA |
||
| 100 | 1 |
_aDoran, _cDr. _q(John), _d1807-1878. |
|
| 245 | 1 | 0 |
_a"Their Majesties' servants." _bAnnals of the English stage, from Thomas Betterton to Edmund Kean, by Dr. Doran, F.S.A. _cEd. and rev. by Robert W. Lowe, with fifty copperplate portraits and eighty wood engravings. |
| 260 |
_aLondon : _bJ.C. Nimmo, _c1888. |
||
| 300 |
_a3 v. in 6. _billus., plates (part. mount.) _c22 cm. |
||
| 500 | _aExtra-illustrated. | ||
| 900 | _aAUTH | ||
| 942 |
_2ddc _cBK |
||
| 999 |
_c143594 _d143594 |
||